| 000 | 00413pam a2200169 a 4500 | ||
|---|---|---|---|
| 020 | _a0534920950 | ||
| 040 | _cDLC | ||
| 082 | 0 | 0 | _a512 BOS 1990 A057 Or. |
| 100 | 1 | _aKaufmann, Jerome E. | |
| 245 | 1 | 0 | _aCollege algebra / |
| 250 | _a2nd ed. | ||
| 260 |
_aBoston : _bPWS-KENT Pub. Co., _cc1990. |
||
| 300 |
_axiv, 528, 34 p. : _bill. ; _c24 cm. |
||
| 500 | _aIncludes index. | ||
| 650 | 0 | _aAlgebra. | |
| 942 | _cEK | ||
| 999 |
_c13878 _d13878 |
||